Tectonique (notice n° 2009048)
[ vue normale ]
| 000 -LEADER | |
|---|---|
| fixed length control field | 01186cam a2200157 4500500 |
| 005 - DATE AND TIME OF LATEST TRANSACTION | |
| control field | 20260329055102.0 |
| 041 ## - LANGUAGE CODE | |
| Language code of text/sound track or separate title | fre |
| 042 ## - AUTHENTICATION CODE | |
| Authentication code | dc |
| 100 10 - MAIN ENTRY--PERSONAL NAME | |
| Personal name | Mercier, Jacques |
| Relator term | author |
| 245 00 - TITLE STATEMENT | |
| Title | Tectonique |
| 260 ## - PUBLICATION, DISTRIBUTION, ETC. | |
| Name of publisher, distributor, etc. | Dunod,<br/> |
| Date of publication, distribution, etc. | 2016.<br/> |
| 520 ## - SUMMARY, ETC. | |
| Summary, etc. | La tectonique est la science de la déformation des roches que ce soit à l'échelle centimétrique ou à l'échelle des continents. Cet ouvrage explique les notions essentielles de cette partie de la géologie structurale : les contraintes, les déformations, le comportement des roches sous une contrainte, la déformation cassante, failles, fentes de tension, diaclases, la déformation ductile, les plis semblables et les plis isopaques. Dans cette quatrième édition actualisée, un nouveau chapitre traite des mouvements verticaux, une notion ancienne mais remise en avant par les nouvelles techniques et dont les conséquences sont aujourd'hui importantes pour l'interprétation des phénomènes tectoniques à moyenne et grande échelles. |
| 700 10 - ADDED ENTRY--PERSONAL NAME | |
| Personal name | Vergély, Pierre |
| Relator term | author |
| 700 10 - ADDED ENTRY--PERSONAL NAME | |
| Personal name | Missenard, Yves |
| Relator term | author |
| 856 41 - ELECTRONIC LOCATION AND ACCESS | |
| Uniform Resource Identifier | <a href="https://stm.cairn.info/tectonique--9782100747023?lang=fr&redirect-ssocas=7080">https://stm.cairn.info/tectonique--9782100747023?lang=fr&redirect-ssocas=7080</a> |
Pas d'exemplaire disponible.




Réseaux sociaux